| Поле | Название | Значение |
| |
Тип записи |
a |
| |
Библиографический уровень |
m |
| 001 |
Контрольный номер |
RU/SLIB/B/208709381 |
| 005 |
Дата корректировки |
20241023145357.8 |
| 010 |
Индекс ISBN |
__ |
| d |
Цена |
113-80 |
| 101 |
Язык документа |
0_ |
| a |
Язык текста |
rus |
| c |
Язык оригинала |
rus |
| 200 |
Заглавие и сведения об ответственности |
1_ |
| a |
Заглавие |
Основные лекарственные средства |
| e |
Сведения, относящиеся к заглавию |
больш. справ. |
| b |
Общее обозначение материала |
Текст |
| 210 |
Выходные данные |
__ |
| a |
Место издания |
М. |
| c |
Издательство |
АСТ |
| 210 |
Выходные данные |
__ |
| a |
Место издания |
Харьков |
| c |
Издательство |
Фолио |
| d |
Дата издания |
1999 |
| 215 |
Физическое описание |
__ |
| a |
Объем |
724 с. |
| 320 |
Библиография |
__ |
| a |
Библиография |
Алф. указ.: с. 701-722 |
| 606 |
Тематические рубрики |
__ |
| a |
Основная рубрика |
Здравоохранение. Медицинские науки |
| 606 |
Тематические рубрики |
__ |
| a |
Основная рубрика |
Фармакология |
| 610 |
Ключевые слова |
__ |
| a |
Ключевые слова |
фармация; антибиотики; витамины; гормоны; лекарственные препараты; лекарственные средства; лекарства |
| 686 |
Индексы других классификаций |
__ |
| 2 |
Код системы |
rubbks |
| a |
Классификационный индекс |
52.817я22 |
| 801 |
Источник записи |
_0 |
| a |
Страна |
RU |
| b |
Организация |
Муниципальное бюджетное учреждение культуры "Централизованная библиотечная система" г. Сургут (Центральная городская библиотека им. А. С. Пушкина) |
| g |
Правила каталогизации |
ОБ/Бутенко |
| 801 |
Источник записи |
_1 |
| a |
Страна |
RU |
| b |
Организация |
Муниципальное бюджетное учреждение культуры "Централизованная библиотечная система" г. Сургут (Центральная городская библиотека им. А. С. Пушкина) |
| g |
Правила каталогизации |
ОБ/Бутенко |
| 852 |
Данные о местонахождении |
__ |
| j |
Шифр хранения |
52.817я22 |
| c |
Каталожный индекс |
52.81я2 |
| i |
Авторский знак |
О-75 |
| p |
Инвентарный номер |
76213 |
| 901 |
Тип документа |
__ |
| t |
Тип документа |
m |
| 903 |
Характеристики (МАРС) |
__ |
| a |
Дата передачи |
20000621 |
| 969 |
Тип издания |
__ |
| a |
Тип издания |
справочник |
| 990 |
Данные о заказе (DOS) |
__ |
| j |
Количество экземпляров (DOS) |
1 |
| t |
N записи в КСУ для И/У (DOS) |
200001 |